000 00824nam a2200253Ia 4500
003 GCL
008 140319s9999 xx 000 0 ara d
040 _aGCL /
_cGCL
082 0 4 _a331.127
_bس ع
100 1 _aسلوى على سليمان
245 1 0 _aالعمالة المصرية العائدة: الاتجاهات والاثار المحتلة على الاقتصاد المصرى /
_cسلوى على سليمان
700 1 _aعالية المهدى
700 1 _aطارق مرسى
260 _a[S.N] :
_bدار النهضة العربية ،
_c1988
300 _a254 ص
490 _a
650 0 4 _aمصر
650 0 4 _aالهجرة
650 0 4 _aالعمل والعمال
650 0 4 _aالاحوال الاقتصادية
650 0 4 _aالبطالة
650 0 4 _aالعمال
942 _2ddc
_cBK
999 _c27885
_d27885